| 000 | 00492nam a2200205Ia 4500 | ||
|---|---|---|---|
| 008 | 210210b2006 xxu||||| |||| 00| 0 eng d | ||
| 020 | _a8121926238 | ||
| 041 | _aeng | ||
| 082 | _a658 GUPB | ||
| 100 | _aGUPTA (R N) | ||
| 245 | _aBusiness organisation and management | ||
| 260 |
_aNew Delhi _bS. Chand & Co. Ltd. _c2006 |
||
| 300 | _axiii,537 | ||
| 650 | _aorganisation | ||
| 650 | _amanagement | ||
| 650 | _aBusiness | ||
| 650 | _aand | ||
| 690 | _aManagement | ||
| 906 | _aSG04991 | ||
| 999 |
_c117890 _d117890 |
||